| 000 | 00796nam a22002412 4500 | ||
|---|---|---|---|
| 001 | 0000020922 | ||
| 005 | 20151217152224.0 | ||
| 008 | 111115s xx 000 0 eng d | ||
| 020 | _a1856091503 (v. 1) : | ||
| 020 | _a1856091325 (v. 2) | ||
| 040 |
_aKABU _cKABU |
||
| 100 | 1 |
_aBrown, Robert H. _@0000181606 |
|
| 245 | 1 | 0 |
_aMarine insurance / _cRobert H. Brown. |
| 250 | _a6th ed. | ||
| 260 |
_aLondon : _bWitherby, _c1998. |
||
| 300 | _a2 v. | ||
| 505 | 0 | _aV. 1 - Principles and basic practice v. 2 - Cargo practice. | |
| 650 | 0 |
_aMarine insurance _zGreat Britain. _@0000179025 |
|
| 852 | 1 | _9p12,400 KES (2 v. set) | |
| 852 | 1 | _9p12,400 KES (2 v. set) | |
| 908 | _a111115 | ||
| 950 | _@1 | ||
| 999 |
_c9547 _d9547 |
||